| 000 | 00804nam a22002057a 4500 | ||
|---|---|---|---|
| 999 |
_c1950 _d1950 |
||
| 003 | AR-CdUCM | ||
| 008 | 190228b ||||| |||| 00| 0 spa d | ||
| 040 |
_aMUNICIPALIDAD PROVINCIAL DEL CUSCO _cBIBLIOTECA MUNICIPAL DEL CUSCO |
||
| 082 |
_a327.947 / _bT69 |
||
| 100 |
_aTomasshevski, D. _97129 |
||
| 245 | _aLas ideas leninistas y las relaciones internacionales contemporáneas / | ||
| 260 |
_aMoscú : _bEditorial Progreso , _c1974. |
||
| 300 |
_a307 páginas ; _c20 cm. |
||
| 505 | _aIdeas de leninistas -- Lugar de las relaciones internacionales en la vida social --El problema de la correlación de fuerzas en la política mundial... | ||
| 650 |
_aLenin. _92073 |
||
| 650 |
_aIdeas leninistas. _97130 |
||
| 700 |
_aJusainov, M (traductor) _97131 |
||
| 942 |
_2ddc _cLIBROS |
||
| 945 |
_awfj _d2019-02-28 |
||